La plenitud de Cervantes una vida de papel. (Record no. 196399)

MARC details
000 -LEADER
campo de control de longitud fija 01696nam a2200433 i 4500
001 - NÚMERO DE CONTROL
campo de control 196399
003 - IDENTIFICADOR DE NÚMERO DE CONTROL
campo de control ES-MaREB
005 - FECHA Y HORA DE LA ÚLTIMA TRANSACCIÓN
campo de control 20251105115618.0
007 - CAMPO FIJO DE DESCRIPCIÓN FÍSICA--INFORMACIÓN GENERAL
campo de control de longitud fija ta
008 - DATOS DE LONGITUD FIJA--INFORMACIÓN GENERAL
campo de control de longitud fija 240924s2019 sp a ||1 0bspa c
017 ## - NÚMERO DE COPYRIGHT O DE DEPÓSITO LEGAL
Número de copyright o de depósito legal M 4427-2019
020 ## - NÚMERO INTERNACIONAL ESTÁNDAR DEL LIBRO
Número Internacional Estándar del Libro 9788441438903
035 ## - NÚMERO DE CONTROL DEL SISTEMA
Número de control de sistema Rebiun23943457
040 ## - FUENTE DE CATALOGACIÓN
Centro catalogador/agencia de origen UCLM
Lengua de catalogación spa
Centro/agencia transcriptor ES-MaACL
080 ## - NÚMERO DE LA CLASIFICACIÓN DECIMAL UNIVERSAL
Número de la Clasificación Decimal Universal 929 Cervantes Saavedra, Miguel de
100 1# - ENTRADA PRINCIPAL--NOMBRE DE PERSONA
Nombre de persona Lucía Megías, José Manuel,
Fechas asociadas al nombre 1967-
Término indicativo de función/relación Autor
9 (RLIN) 240291
245 13 - MENCIÓN DEL TÍTULO
Título La plenitud de Cervantes una vida de papel.
Número de parte o sección de la obra Parte III,
Nombre de parte o sección de la obra Retazos de un biografía en los siglos de oro /
Mención de responsabilidad, etc. José Manuel Lucía Megías.
246 ## - FORMA VARIANTE DEL TITULO
Título propio/Titulo breve Retazos de un biografía en los siglos de oro
250 ## - MENCION DE EDICION
Mención de edición [1 êd.]
260 ## - PUBLICACIÓN, DISTRIBUCIÓN, ETC.
Lugar de publicación, distribución, etc. Madrid [etc.] :
Nombre del editor, distribuidor, etc. Edaf,
Fecha de publicación, distribución, etc. 2019.
300 ## - DESCRIPCIÓN FÍSICA
Extensión 311 p. :
Otras características físicas il. ;
Dimensiones 24 cm
336 ## - TIPO DE CONTENIDO
Término de tipo de contenido Texto (visual)
Fuente rdacontent
337 ## - TIPO DE MEDIO
Nombre/término del tipo de medio sin mediacin
Fuente rdamedia
338 ## - TIPO DE SOPORTE
Fuente rdacarrier
Nombre/término del tipo de soporte volumen
490 1# - MENCIÓN DE SERIE
Mención de serie Cronicas de la historia
490 1# - MENCIÓN DE SERIE
Mención de serie Retazos de una biografía en los siglos de oro ;
Designación de volumen o secuencia 3
500 ## - NOTA GENERAL
Nota general Catalogación provisional. N-10155. Depósito J
504 ## - NOTA DE BIBLIOGRAFÍA, ETC.
Nota de bibliografía, etc. Bibliografa: p. 297-302.
600 14 - PUNTO DE ACCESO ADICIONAL DE MATERIA--NOMBRE DE PERSONA
Nombre de persona Cervantes Saavedra, Miguel de,
Fechas asociadas al nombre 1547-1616
9 (RLIN) 226514
650 #4 - PUNTO DE ACCESO ADICIONAL DE MATERIA--TÉRMINO DE MATERIA
Término de materia o nombre geográfico como elemento de entrada Biografías
9 (RLIN) 10574
830 ## - PUNTO DE ACCESO ADICIONAL DE SERIE-TÍTULO UNIFORME
9 (RLIN) 192997
Título uniforme Crónicas de la historia
830 ## - PUNTO DE ACCESO ADICIONAL DE SERIE-TÍTULO UNIFORME
9 (RLIN) 240029
Título uniforme Retazos de una biografía en los siglos de oro ;
Designación de volumen o secuencia 3
852 ## - LOCALIZACIÓN
Ubicación ES-MaACL
Ubicación en estantería Depósito J
Donativo/Legado Donación: José Manuel Lucía Megías
Encuadernación encuadernación rústica
itemnumber 204097
Nota libre En proceso
Número de control de estantería N-10155
903 ## - NOMBRE PERSONAL DE DONANTE
a Lucía Megías, José Manuel,
d 1967-
e Donante
9 240291
942 ## - ELEMENTOS DE ENTRADA SECUNDARIOS (KOHA)
Suprimir en OPAC No
Tipo de ítem Koha Libro impreso
Holdings
Estatus retirado Estado de pérdida Fuente del sistema de clasificación o colocación Estado de daño No para préstamo Colección Biblioteca de origen Biblioteca actual Ubicación en estantería Fecha de adquisición Fuente de adquisición Número de control de estantería Total de préstamos Signatura topográfica completa Código de barras Visto por última vez Precio de reemplazo Tipo de ítem Koha Nota pública
    Clasificación decimal universal     Libros con dedicatorias Biblioteca del Ateneo de Madrid Biblioteca del Ateneo de Madrid Depósito J 24/09/2024 Donación Ateneísta   N-10155 101228902 24/09/2024 24/09/2024 Libro impreso Dedicatoria autógrafa del autor